ნორმალური ფორმატი
MARC ფორმატი
ჩანაწერი Personal Name
ჩანაწერთა რაოდენობა, რომელიც გამოყენებულია: 2
001 - CONTROL NUMBER
- control field: 9913
003 - CONTROL NUMBER IDENTIFIER
- control field: GE_BSU
005 - DATE AND TIME OF LATEST TRANSACTION
- control field: 20201209141736.0
008 - FIXED-LENGTH DATA ELEMENTS
- fixed length control field: 201209|| aca||aabn | a|a d
040 ## - CATALOGING SOURCE
- Original cataloging agency: GE_BSU
- Transcribing agency: GE_BSU
100 ## - HEADING--PERSONAL NAME
- Personal name: ახვლედიანი, მერაბ
- Relator term: მეცნიერ-ხელმძღვანელი
670 ## - SOURCE DATA FOUND
- Source citation: Work cat.: (GE_BSU): ხალვაში, ხათუნა 5928, კანცელარიზმების ფუნქციონირება და უნიფიცირებული საქმიანი დოკუმენტების თარგმანის თავისებურებები (ქართულიუ და რუსული საქმიანი დოკუმენტების მიხედვით)
